[Event "WchT Seniors 50"]
[Site "Prague"]
[Date "2025.02.18"]
[Round "2.4"]
[White "Frostick, Clive A"]
[Black "Arnason, Jon Loftur"]
[Result "0-1"]
[WhiteElo "2105"]
[BlackElo "2405"]
[PlyCount "70"]
[EventDate "2025.02.17"]
[EventType "team-swiss"]
[EventRounds "9"]
[EventCountry "CZE"]
[SourceTitle "CB09_2025"]
[SourceDate "2025.02.27"]
[SourceVersion "1"]
[SourceVersionDate "2025.02.27"]
[SourceQuality "1"]
[WhiteTeam "England 50 II"]
[BlackTeam "Iceland 50"]
[WhiteTeamCountry "ENG"]
[BlackTeamCountry "ISL"]

1. e4 e5 2. Nf3 Nc6 3. Nc3 Nf6 4. d4 exd4 5. Nxd4 Bc5 6. Be3 Bb6 7. Be2 0-0 8. 0-0 Re8 9. Nxc6 bxc6 10. Bg5 h6 11. Bh4 Qe7 12. Bd3 d6 13. Kh1 Bd4 14. f4 Qe6 15. Ne2 Bxb2 16. Rb1 Rb8 17. Nd4 Qg4 18. Bxf6 Qxd1 19. Rfxd1 gxf6 20. Nxc6 Rb6 21. Na5 Bc3 22. Nc4 Rxb1 23. Rxb1 Be6 24. Ne3 Bxa2 25. Rb7 Bd4 26. Nf5 Bb6 27. g4 d5 28. Bb5 Rd8 29. Bd3 dxe4 30. Bxe4 Kf8 31. Kg2 Bc4 32. Nxh6 Ba6 33. Kf3 Bxb7 34. Bxb7 Rd2 35. Be4 a5 0-1

[Event "Kingston op 3rd"]
[Site "Kingston Upon Thames"]
[Date "2024.08.13"]
[Round "3"]
[White "Andal, Edmond"]
[Black "Frostick, Clive A"]
[Result "1/2-1/2"]
[WhiteElo "1960"]
[BlackElo "2161"]
[PlyCount "108"]
[EventDate "2024.08.12"]
[EventType "swiss"]
[EventRounds "9"]
[EventCountry "ENG"]
[SourceTitle "CBM 221 Extra"]
[Source "ChessBase"]
[SourceDate "2024.09.30"]
[SourceVersion "1"]
[SourceVersionDate "2024.09.30"]
[SourceQuality "1"]

1. Nf3 d5 2. b3 e6 3. Bb2 c5 4. e3 Nc6 5. Bb5 Bd7 6. 0-0 Nf6 7. d4 Bd6 8. Nbd2 0-0 9. Bd3 cxd4 10. exd4 Nb4 11. Be2 Rc8 12. c3 Nc6 13. c4 b6 14. a3 Ne7 15. Bd3 Bc6 16. Re1 Ng6 17. Ne5 Bb7 18. Ndf3 Ne4 19. Nxg6 fxg6 20. Qe2 Qf6 21. c5 Bb8 22. b4 Qf4 23. Bc1 Qf5 24. Bb2 g5 25. Bxe4 dxe4 26. Nd2 Ba6 27. Qxa6 Qxf2+ 28. Kh1 Qxd2 29. Qe2 Qf4 30. g3 Qf3+ 31. Qxf3 exf3 32. Re4 e5 33. Kg1 h5 34. Kf2 exd4 35. Bxd4 g4 36. Re7 Rf7 37. Rae1 Rxe7 38. Rxe7 Kf8 39. Rb7 bxc5 40. Bxc5+ Kg8 41. Rd7 Re8 42. Bd4 Re2+ 43. Kf1 Be5 44. Bxe5 Rxe5 45. Rxa7 Re2 46. b5 Rxh2 47. Ra4 Rh1+ 48. Kf2 Rh2+ 49. Kg1 Rg2+ 50. Kf1 h4 51. gxh4 g3 52. Rg4 Rf2+ 53. Kg1 Rg2+ 54. Kf1 Rf2+ 1/2-1/2

[Event "EU-chT Seniors 50"]
[Site "Terme Catez"]
[Date "2024.05.14"]
[Round "8.1"]
[White "Frostick, Clive A"]
[Black "Ostergaard, Jens"]
[Result "1-0"]
[WhiteElo "2130"]
[BlackElo "2264"]
[PlyCount "61"]
[EventDate "2024.05.07"]
[EventType "team-swiss"]
[EventRounds "9"]
[EventCountry "SLO"]
[SourceTitle "CBM 220 Extra"]
[Source "ChessBase"]
[SourceDate "2024.07.31"]
[SourceVersion "1"]
[SourceVersionDate "2024.07.31"]
[SourceQuality "1"]
[WhiteTeam "England 50 III"]
[BlackTeam "Denmark"]
[WhiteTeamCountry "ENG"]
[BlackTeamCountry "DEN"]

1. e4 c5 2. Nf3 Nc6 3. Bb5 g6 4. 0-0 Bg7 5. Re1 e5 6. Bxc6 dxc6 7. d3 Qc7 8. Be3 b6 9. a3 Nf6 10. b4 cxb4 11. axb4 0-0 12. h3 Nh5 13. Nbd2 h6 14. Nc4 Be6 15. Nfd2 Nf4 16. Qf3 f5 17. Bxf4 exf4 18. e5 g5 19. d4 Bd5 20. Qd3 b5 21. Nd6 Qd7 22. Ra6 g4 23. Rea1 f3 24. gxf3 gxf3 25. Kh2 Rf6 26. Nxb5 cxb5 27. exf6 Qc7+ 28. Kh1 Qf4 29. Rg1 Re8 30. Rxa7 Re2 31. Qxb5 1-0

[Event "BCF-chT2 2324 (4NCL)"]
[Site "England"]
[Date "2024.05.04"]
[Round "9.56"]
[White "Frostick, Clive A"]
[Black "Freeman, Gordon"]
[Result "1-0"]
[WhiteElo "2130"]
[BlackElo "2062"]
[PlyCount "53"]
[EventDate "2023.11.11"]
[EventType "team-tourn"]
[EventRounds "11"]
[EventCountry "ENG"]
[SourceTitle "CBM 219 Extra"]
[Source "ChessBase"]
[SourceDate "2024.05.31"]
[SourceVersion "1"]
[SourceVersionDate "2024.05.31"]
[SourceQuality "1"]
[WhiteTeam "CSC/Kingston"]
[BlackTeam "Gonzaga"]
[WhiteTeamCountry "ENG"]
[BlackTeamCountry "ENG"]

1. e4 c5 2. Nf3 d6 3. Bb5+ Bd7 4. Bxd7+ Nxd7 5. 0-0 Ngf6 6. Qe2 e6 7. d4 cxd4 8. Nxd4 Be7 9. c4 0-0 10. Nc3 Rc8 11. b3 a6 12. Bb2 Qb6 13. Rad1 Rfd8 14. Kh1 Nc5 15. f4 Qc7 16. e5 Ne8 17. exd6 Bxd6 18. b4 Nd7 19. c5 Bf8 20. f5 e5 21. Nd5 Qb8 22. Ne6 fxe6 23. fxe6 Nef6 24. e7 Re8 25. Nxf6+ Nxf6 26. Bxe5 Rxe7 27. Qc4+ 1-0